| 000 | 00807cam a22002413a 4500 | ||
|---|---|---|---|
| 001 | 2416 | ||
| 003 | PGUSA | ||
| 005 | 20140828083014.0 | ||
| 008 | 001201s2000||||xxu|||||s|||||000 1 eng d | ||
| 040 |
_aPGUSA _beng |
||
| 042 | _adc | ||
| 050 | 4 | _aPS | |
| 100 | 1 |
_aLondon, Jack, _d1876-1916 |
|
| 245 | 1 | 4 |
_aThe House of Pride, and Other Tales of Hawaii _h[electronic resource] / _cJack London |
| 260 |
_bProject Gutenberg, _c2000 |
||
| 505 | 0 | _aThe house of pride -- Koolau the leper -- Good-by, Jack -- Aloha oe -- Chun Ah Chun -- The sheriff of Kona -- Jack London. | |
| 506 | _aPublic domain in the USA. | ||
| 516 | _aElectronic text | ||
| 653 | _aHawaii -- Social life and customs -- Fiction | ||
| 830 | 0 |
_aProject Gutenberg _v2416 |
|
| 856 | 4 | 0 | _uhttp://www.gutenberg.org/ebooks/2416 |
| 942 | _cEB | ||
| 999 |
_c231753 _d231753 |
||